000 005720000a22001810004500
090 _aAR
_b01981
245 1 0 _aStudies on tiger beetles. LXIX A revision of the Austrocicindela group (<Coleoptera: Cicindelidae>)
650 1 4 _aEntomología
_94483
650 1 4 _aColeópteros
_97857
650 1 4 _aTaxonomía animal
_98245
650 1 4 _aMorfología animal
_99953
651 4 _pSur Africa
_992749
653 _fCicindelidae
_gCicindela
041 0 _aInglés
100 1 _aCassola, Fabio
_99428
942 _cARTICULO
773 1 _tFragmenta Entomologica
_3660
_h1
_q43-65
_d1993
_g25
999 _c11058
_d11058